Statistics for Top 15 Countries with Covid-19 Deaths - 27 Feb 2021

Click here to take the quiz!

General Stats

  • This quiz has been taken 9 times
  • The average score is 15 of 24

Answer Stats

country% Correct
Brazil
100%
Russia
100%
United Kingdom
100%
United States
100%
France
89%
Germany
89%
Italy
89%
Mexico
89%
Spain
89%
Argentina
78%
India
78%
Colombia
67%
South Africa
67%
Peru
56%
Portugal
56%
Belgium
44%
Czechia
44%
Iran
44%
Bosnia and
Herzegovina
33%
Bulgaria
33%
Croatia
33%
Hungary
33%
Slovenia
22%
North Macedonia
11%

Score Distribution

Percentile by Number Answered

Percent of People with Each Score

Your Score History

You have not taken this quiz